000 00228nam a22000857a 4500
008 161124b xxu||||| |||| 00| 0 eng d
100 _91413
_aJain.T.R.etal
245 _aIndian Economc Devolopment-XI
260 _aNew Delhi
_bV.K.G.
_c2012
999 _c4130
_d4130